00373nam a22001457a 450000500170000002000220001703500230003903700080006210000190007024500380008926000420012730000210016994200200019099900170021020180726145437.0 a818693927c495.00 aB-212414, B-212409 adpl aGhatage, Shree aBrahma's Dream/cBy Shree Ghatage aNew DelhibIndia Ink Roli Booksc2004 ax,436p.c23 cms. 2ddccENhNmGHA c64491d64491